|
|
|
|
| LEADER |
01846cas a2200241 a 4500 |
| 001 |
AALejournalIMF014242 |
| 008 |
230101c9999 xx r poo 0 0eng d |
| 020 |
|
|
|c 5.00 USD
|
| 020 |
|
|
|z 9781484309001
|
| 022 |
|
|
|a 1934-7685
|
| 040 |
|
|
|a BD-DhAAL
|c BD-DhAAL
|
| 110 |
2 |
|
|a International Monetary Fund.
|b Asia and Pacific Dept.
|
| 245 |
1 |
0 |
|a India :
|b Selected Issues.
|
| 264 |
|
1 |
|a Washington, D.C. :
|b International Monetary Fund,
|c 2014.
|
| 300 |
|
|
|a 1 online resource (45 pages)
|
| 490 |
1 |
|
|a IMF Staff Country Reports
|
| 500 |
|
|
|a <strong>Off-Campus Access:</strong> No User ID or Password Required
|
| 500 |
|
|
|a <strong>On-Campus Access:</strong> No User ID or Password Required
|
| 506 |
|
|
|a Electronic access restricted to authorized BRAC University faculty, staff and students
|
| 520 |
3 |
|
|a This Selected Issues paper uncovers the factors behind the unprecedented widening of India's current account deficit in terms of the sectoral savings-investment balance. The unprecedented widening of India's current account deficit in recent years is a symptom of underlying macroeconomic imbalances and structural weaknesses. Persistently high inflation has depressed real returns, prompting a surge in gold imports and a marked deterioration in household financial savings and the savings-investment balance. In turn, improvement in the public sector's savings-investment balance was achieved through capital spending cuts, as subsidies remained high and fuel price adjustments lagged. Further efforts to increase financial savings would help reduce the current account deficit sustainably and boost growth.
|
| 538 |
|
|
|a Mode of access: Internet
|
| 830 |
|
0 |
|a IMF Staff Country Reports; Country Report ;
|v No. 2014/058
|
| 856 |
4 |
0 |
|z Full text available on IMF
|u http://elibrary.imf.org/view/journals/002/2014/058/002.2014.issue-058-en.xml
|z IMF e-Library
|